000 00837cad a22002055a 4500
001 L152402
008 110301s2011 xxk f 000 0 eng d
035 _a(Sirsi) u152402
041 0 _aeng
110 0 _aMcGraw-Hill Construction
_95916
245 0 0 _aForecasts and trends
_h[electronic resource]
260 _aBedford, MA
_bMcGraw-Hill
_c2011
520 _aSummary of new construction starts for January 2011; nonresidential building, residential building, nonbuilding construction; statistics from The Dodge Index of new construction starts 2007-2010.
590 _aKA
651 4 _aUnited States 1959-
690 _aBUILT ENVIRONMENT-CONSTRUCTION MARKET
710 1 _aAutodesk
856 4 0 _uhttps://construction.com/ResourceCenter/forecast/2011/Feb.asp
_zView this item free of charge at http://construction.com
942 _n0
999 _c112039
_d112039